| 000 | 00693nam a2200241Ia 4500 | ||
|---|---|---|---|
| 005 | 20260430150657.0 | ||
| 008 | 008 250103s9999 xx 000 0 eng d | ||
| 037 | _aTheses | ||
| 040 | _aCRL | ||
| 040 | _beng | ||
| 040 | _ceng | ||
| 041 | _2eng | ||
| 041 | _aeng | ||
| 084 | _qCRL | ||
| 100 |
_aJob Binoy Au.; Gupta Rupesh Kumar Gu. _91238187 |
||
| 245 | 4 | _aThe Evolving Strategies of Leadership in Shaping Public Policies of Education in India | |
| 260 | _c2024 | ||
| 300 | _a305p. | ||
| 650 | _aSocial Sciences | ||
| 700 |
_aUniversity of Delhi. Faculty of Social Sciences. Deptt. of Continuing Education & Extension _91238188 |
||
| 942 | _cTH | ||
| 999 |
_c1850367 _d1850367 |
||